Most Populous Rhode Island Municipalities in 1790 - Statistics

General Stats
  • This quiz has been taken 3 times
  • The average score is 3 of 10
Answer Stats
Population County Status Municipality % Correct
6,380 __________ Town Providence
100%
6,716 _______ City Newport
67%
2,907 Washington Town North Kingstown
33%
4,131 Washington Town South Kingstown
33%
2,453 Newport Town Tiverton
33%
2,477 Kent Town Coventry
0%
2,495 Washington Town Exeter
0%
4,025 Providence Town Glocester
0%
2,462 Washington Town Hopkinton
0%
3,171 Providence Town Smithfield
0%
No matching quizzes found
Score Distribution
Percent of People with Each Score
Percentile by Number Answered
Your Score History
You have not taken this quiz